000 01667nam a22004217a 4500
003 CHAP
005 20220329143252.0
008 071116s2007 mx r 00010 spa d
010 _a94217
011 _a95189
035 _a105800
040 _cCHAP
090 _aTesis
100 1 _aTrejo Méndez, Diego.
_9114763
245 1 0 _aFactores determinantes para la exportación de vainilla (Vanilla planifolia Andrews) de la región norte del Estado de Puebla
_c/por Diego Trejo Méndez
260 _aChapingo, Méx. :
_bEl autor,
_c2007.
300 _a137 h. :
_bgráfs. ; cuadros. ; anexos
502 _aTesis (Lic. en Comercio Internacional de Productos Agropecuarios) -- UACH. División de Ciencias Economico Administrativas
530 _aTambién disponible en línea
590 _aALEPH
_b10
_c20130110
_lUCH01
_h1520
590 _aBATCH-UPD
_b10
_c20130110
_lUCH01
_h0332
590 _aBATCH-UPD
_b10
_c20130110
_lUCH01
_h1652
590 _aBATCH-UPD
_b10
_c20130410
_lUCH01
_h0005
590 _aBATCH-UPD
_b10
_c20130914
_lUCH01
_h1339
590 _aBATCH-UPD
_b10
_c20140324
_lUCH01
_h1505
590 _aBATCH-UPD
_b10
_c20141002
_lUCH01
_h0835
590 _aCONVERSION
_b10
_c20130109
_lUCH01
_h1352
650 1 4 _aExtractos vegetales.
_939214
650 1 4 _aVainilla
_xExportación.
_9117200
650 1 4 _aVainilla
_xMercadeo.
_9117205
650 1 4 _aVainilla
_zPuebla.
_9117210
856 _3Finding aid
_uhttp://10.13.5.2/tesis/105800.pdf
_zTeclea aqui
901 _aBK
905 _aLuisgm
942 _cFOLL
949 _aTesis
_bBC
_cTES
_d33724002044082
_eTS2
_fc.2
_gDonaciØn
_h47335
_i105800
_sb
949 _bBC
_cTES
_d33724002044124
_eTS1
_gDonaciØn
_h47334
_i105800
_sb
999 _c94217
_d94217